Представление документа в формате RUSMARC

ПолеНазваниеЗначение
  Тип записи a
  Библиографический уровень m
001 Контрольный номер RU/SLIB/B/208712475
005 Дата корректировки 20201206203915.2
010 Индекс ISBN __
d Цена 4-00
101 Язык документа __
a Язык текста ger
c Язык оригинала ger
200 Заглавие и сведения об ответственности 1_
a Заглавие Ein standesgemaser Ehebruch
e Сведения, относящиеся к заглавию witze aus dem. Simplicissimus
b Общее обозначение материала Текст
210 Выходные данные __
a Место издания Berlin
c Издательство Eulenspiegel Verlag
d Дата издания 1985
215 Физическое описание __
a Объем 80 с.
300 Общие примечания __
a Общие примечания Текст на нем. яз.
517 Другие варианты заглавия __
a Другие варианты заглавия По прозвищу "неверный". Анекдоты
606 Тематические рубрики __
a Основная рубрика Фольклор
y Географическая подрубрика Германия
606 Тематические рубрики __
a Основная рубрика Фольклор зарубежных стран
610 Ключевые слова __
a Ключевые слова фольклористы; фольклорная практика; анекдоты
686 Индексы других классификаций __
a Классификационный индекс 82.3(4Гем)
801 Источник записи _0
a Страна RU
b Организация Муниципальное бюджетное учреждение культуры "Централизованная библиотечная система" г. Сургут (Центральная городская библиотека им. А. С. Пушкина)
g Правила каталогизации ОБ/Тесленко
801 Источник записи _1
a Страна RU
b Организация Муниципальное бюджетное учреждение культуры "Централизованная библиотечная система" г. Сургут (Центральная городская библиотека им. А. С. Пушкина)
g Правила каталогизации ОБ/Тесленко
852 Данные о местонахождении __
j Шифр хранения 82.3(4Гем)
c Каталожный индекс 82.3(4Гем)
i Авторский знак E 40
901 Тип документа __
t Тип документа m
903 Характеристики (МАРС) __
a Дата передачи 20010122
990 Данные о заказе (DOS) 00
j Количество экземпляров (DOS) 1
t N записи в КСУ для И/У (DOS) 200101